| 000 | 00679nam a2200205 a 4500 | ||
|---|---|---|---|
| 001 | 000042334 | ||
| 005 | 20201002040103.0 | ||
| 008 | 131126s1966 sp c e 000 0 spa d | ||
| 040 |
_aDO-SdBNP _bspa _cBNPHU |
||
| 082 |
_aR709 _bP634h, 1966 |
||
| 100 | 1 |
_aPijoán Soteras, José _d1881-1963 _969402 |
|
| 245 | 1 | 0 |
_aHistoria del arte. / _cJosé Pijoán Soteras. |
| 250 | _a9a. ed. | ||
| 260 |
_aBarcelona : _bSalvat, _c1966. |
||
| 300 |
_av. : _bretrs. ; _c26 cm. |
||
| 500 | _aLa biblioteca posee el volumen 2 y 3. | ||
| 500 | _aPerteneció a la biblioteca personal de Aída Cartagena Portalatín. | ||
| 650 | 4 |
_aArte _xHistoria _9983 |
|
| 910 | _aValidado. Control de calidad MFF | ||
| 999 |
_c41823 _d41823 |
||